Statistics for Scotland Current Squad

Click here to take the quiz!

General Stats

  • This quiz has been taken 12 times
    (10 since last reset)
  • The average score is 10 of 24

Answer Stats

RoleTeamPlayer Name% Correct
DefenderLiverpoolAndrew Robertson
88%
MidfielderAston VillaJohn McGinn
88%
MidfielderManchester UnitedScott McTominay
88%
GoalkeeperNorwich CityAngus Gunn
63%
DefenderReal SociedadKieran Tierney
63%
MidfielderBrighton & Hove AlbionBilly Gilmour
50%
DefenderGlasgow RangersJohn Souttar
50%
DefenderEvertonNathan Patterson
50%
ForwardSouthamptonChé Adams
38%
GoalkeeperHeartsCraig Gordon
38%
DefenderCelticGreg Taylor
38%
ForwardQueens Park RangersLyndon Dykes
38%
Coach-Steve Clarke
38%
MidfielderSouthamptonStuart Armstrong
38%
GoalkeeperHeartsZander Clark
38%
DefenderCelticAnthony Ralston
25%
DefenderAl-EttifaqJack Hendry
25%
MidfielderNorwich CityKenny McLean
25%
ForwardHeartsLawrence Shankland
25%
MidfielderBolognaLewis Ferguson
25%
GoalkeeperMotherwellLiam Kelly
25%
MidfielderBournemouthRyan Christie
25%
DefenderLeeds UnitedLiam Cooper
13%
DefenderWatfordRyan Porteous
13%

Score Distribution

Percentile by Number Answered

Percent of People with Each Score

Your Score History

You have not taken this quiz since the last reset